Cahiers Ferdinand de Saussure /
| Corporate Authors: | , |
|---|---|
| Format: | Serial |
| Language: | French English German Italian |
| Language Notes: | Chiefly in French; some articles in English, German, or Italian. |
| Published: |
Genève :
Société genèvoise de linguistique,
1941-
|
| Subjects: | |
| Online Availability: |
|
MARC
| Tag | First Indicator | Second Indicator | Subfields |
|---|---|---|---|
| LEADER | 00000cas a2200000 a 4500 | ||
| 001 | in00002783214 | ||
| 005 | 20151202171813.0 | ||
| 006 | m o d | ||
| 007 | cr bn||||||abp | ||
| 007 | cr bn||||||ada | ||
| 008 | 100321c19419999sz ar oo 0 0fre c | ||
| 010 | |a 2011234195 | ||
| 022 | |l 0068-516X |y 0068-516X | ||
| 035 | |a (OCoLC)ocn564957475 | ||
| 035 | |a (OCoLC)564957475 | ||
| 040 | |a OCLCE |b eng |c OCLCE |d EYM |d HLS |d OCLCQ |d OCLCO |d TXA |d UtOrBLW | ||
| 041 | 0 | |a fre |a eng |a ger |a ita | |
| 042 | |a dlr |a pcc | ||
| 049 | |a TXAM | ||
| 050 | 4 | |a P25 |b .C23 Electronic | |
| 245 | 0 | 0 | |a Cahiers Ferdinand de Saussure / |c publiés par la Société genèvoise de linguistique. |
| 264 | 1 | |a Genève : |b Société genèvoise de linguistique, |c 1941- | |
| 310 | |a Annual | ||
| 336 | |a text |b txt |2 rdacontent | ||
| 337 | |a computer |b c |2 rdamedia | ||
| 338 | |a online resource |b cr |2 rdacarrier | ||
| 362 | 1 | |a Began with: 1 (1941). | |
| 500 | |a Published by: Librairie Droz, <1967-> | ||
| 506 | |3 Use copy |f Restrictions unspecified |2 star |5 MiAaHDL | ||
| 533 | |a Electronic reproduction. |b [S.l.] : |c HathiTrust Digital Library, |d 2010. |5 MiAaHDL | ||
| 546 | |a Chiefly in French; some articles in English, German, or Italian. | ||
| 550 | |a Vols. for 1941-1956 issued by Société genevoise de linguistique; Cercle Ferdinand de Saussure, <2000-> | ||
| 555 | |a 1-11 (1941-1953) in v. 11. | ||
| 583 | 1 | |a digitized; |c 2010; |h HathiTrust Digital Library; |l committed to preserve |2 pda |5 MiAaHDL | |
| 588 | |a Description based on: 1 (1941); title from PDF cover (JSTOR, viewed June 24, 2011). | ||
| 588 | |a Latest issue consulted: 58 (2005) (JSTOR, viewed June 24, 2011). | ||
| 500 | |a Electronic resource. | ||
| 600 | 1 | 0 | |a Saussure, Ferdinand de, |d 1857-1913 |x Societies, etc. |v Periodicals. |
| 650 | 0 | |a Philology |v Periodicals. | |
| 650 | 6 | |a Langues romanes. | |
| 650 | 6 | |a Linguistique. | |
| 710 | 2 | |a Société genèvoise de linguistique. | |
| 710 | 2 | |a Cercle Ferdinand de Saussure. | |
| 776 | 0 | 8 | |i Print version: |t Cahiers Ferdinand de Saussure |x 0068-516X |w (DLC) 50057411 |w (OCoLC)1538069 |
| 948 | |a cataloged |b h |c 2012/12/11 |d c |e spoltoratski |f 2:04:00 pm |g sc | ||
| 994 | |a C0 |b TXA | ||
| 999 | |a MARS | ||
| 999 | f | f | |s de333b2f-a208-30ff-941c-76d0427641f8 |i 5eed893b-88e9-3bb1-a91a-444a28517aa6 |t 0 |
| 952 | f | f | |a Texas A&M University |b College Station |c Electronic Resources |d Available Online |t 0 |e P25 .C23 |g Electronic |h Library of Congress classification |
| 998 | f | f | |a P25 .C23 |t 0 |l Available Online |